100 Biggest Cities In Vietnam - Statistics

General Stats
  • This quiz has been taken 124 times
  • The average score is 19 of 100
Answers on the Map
Answers color-coded by a green-red scale on the quiz's map according to % correct below.
 
Answer Stats
City Population % Correct
Ha Noi 3,605,364
97%
Ho Chi Minh City 7,004,921
94%
Da Nang 988,561
77%
Hue 351,456
65%
Hai Phong 841,520
59%
Da Lat 202,124
48%
Can Tho 812,088
46%
Nha Trang 285,788
46%
Ha Long 270,054
44%
Vinh 230,439
43%
Hoi An 72,898
41%
Bien Hoa 830,829
39%
Vung Tau 341,552
34%
Thanh Hoa 249,012
33%
Ca Mau 143,341
30%
Dien Bien Phu 55,251
30%
Pleiku 191,684
30%
Phan Thiet 194,197
29%
Thai Nguyen 249,004
29%
Nam Dinh 179,229
28%
Lao Cai 100,017
27%
Thu Dau Mot 321,607
27%
Buon Ma Thuot 245,951
25%
Ninh Binh 106,618
25%
Hai Duong 215,593
24%
Long Xuyen 239,588
24%
My Tho 124,104
24%
Bac Ninh 200,285
23%
Cao Bang 61,955
23%
Kon Tum 102,051
23%
Rach Gia 211,351
23%
Di An 474,681
22%
Quang Ngai 129,139
20%
Dong Hoi 91,601
19%
Phan Rang 157,942
19%
Thuan An 588,616
19%
Viet Tri 140,935
19%
Vinh Long 102,047
19%
Hoa Binh 73,847
18%
Lang Son 74,492
18%
Mong Cai 66,434
18%
Son La 70,362
18%
Thai Binh 124,332
18%
Bac Giang 109,367
16%
Ba Ria 72,111
16%
Cam Ranh 92,476
16%
Ha Tinh 72,792
16%
Qui Nhon 263,892
16%
Soc Trang 137,305
16%
Tuy Hoa 121,544
16%
Bac Lieu 115,508
15%
Cam Pha 182,137
15%
Dong Ha 95,658
15%
Yen Bai 75,822
15%
Bao Loc 99,961
14%
Tan Uyen 251,694
14%
Tay Ninh 108,691
14%
Tuyen Quang 62,375
14%
Ben Cat 231,852
13%
Ben Tre 63,373
13%
Hung Yen 53,241
13%
Tan An 104,489
13%
Phu Ly 95,907
11%
Tam Ky 91,450
11%
La Gi 64,983
10%
Tu Son 101,755
10%
Cao Lanh 87,405
9%
Chau Doc 90,495
9%
Cua Lo 55,668
9%
Sam Son 91,567
9%
Tra Vinh 90,714
9%
Uong Bi 113,416
9%
Chi Linh 142,851
8%
Long Khanh 54,753
8%
Phu My 122,349
8%
Sa Dec 63,463
8%
Vinh Yen 99,273
8%
Dong Xoai 80,741
6%
Hoang Mai 59,517
6%
Bim Son 49,919
5%
Quang Yen 85,868
5%
Ba Don 49,406
4%
Duong Dong 45,089
4%
Ky Anh 49,654
4%
Song Cong 48,007
4%
Son Tay 76,956
4%
Vinh Chau 74,475
4%
An Nhon 78,976
3%
Buon Ho 54,766
3%
Dong Trieu 72,923
3%
Gia Rai 52,287
3%
Nha Be 45,524
3%
Pho Yen 54,291
3%
Phuc Yen 82,687
3%
Tan Chau 54,214
3%
Dien Ban 94,395
1%
Huong Thuy 67,376
1%
Huong Tra 57,188
1%
Ninh Hoa 75,931
1%
Lien Nghia 47,276
0%
No matching quizzes found
Score Distribution
Percent of People with Each Score
Percentile by Number Answered
Your Score History
You have not taken this quiz